Investigaciones y estudios sobre el paludismo en España (Record no. 120525)

MARC details
000 -LEADER
campo de control de longitud fija 01248nam a2200265 i 4500
001 - NÚMERO DE CONTROL
campo de control 120525
003 - IDENTIFICADOR DE NÚMERO DE CONTROL
campo de control ES-MaACL
005 - FECHA Y HORA DE LA ÚLTIMA TRANSACCIÓN
campo de control 20251217101317.0
007 - CAMPO FIJO DE DESCRIPCIÓN FÍSICA--INFORMACIÓN GENERAL
campo de control de longitud fija t|
008 - DATOS DE LONGITUD FIJA--INFORMACIÓN GENERAL
campo de control de longitud fija 070214s1905 sp af |||| | spa d
080 ## - NÚMERO DE LA CLASIFICACIÓN DECIMAL UNIVERSAL
Número de la Clasificación Decimal Universal 616.936(460)
100 1# - ENTRADA PRINCIPAL--NOMBRE DE PERSONA
Nombre de persona Pittaluga, Gustavo,
Fechas asociadas al nombre 1876-1956
9 (RLIN) 155591
245 10 - MENCIÓN DEL TÍTULO
Título Investigaciones y estudios sobre el paludismo en España
Resto del título = études et recherche sur le paludisme en Espagne : (1901 - 1903) /
Mención de responsabilidad, etc. publiés sous la direction du Dr. Gustavo Pittaluga ; avec la collaboration de MM. les Drs. D. F. Huertas Barrero... [etc.] ; á l'occasion du XVIe Congrès International de Medécine, Madrid-Barcelona, avril 1903.
246 31 - FORMA VARIANTE DEL TITULO
Título propio/Titulo breve Études et recherche sur le paludisme en Espagne
260 ## - PUBLICACIÓN, DISTRIBUCIÓN, ETC.
Lugar de publicación, distribución, etc. Barcelona :
Nombre del editor, distribuidor, etc. Serra Hnos. y Russell,
Fecha de publicación, distribución, etc. 1905.
300 ## - DESCRIPCIÓN FÍSICA
Extensión 260 p., lám. :
Otras características físicas il. ;
Dimensiones 25 cm +
Material acompañante/anejo 1 mapa de España y Portugal.
530 ## - NOTA DISPONIBLE DE FORMULARIO FÍSICO ADICIONAL
Nota de formato físico adicional disponible Disponible en formato digital.
650 #4 - PUNTO DE ACCESO ADICIONAL DE MATERIA--TÉRMINO DE MATERIA
Término de materia o nombre geográfico como elemento de entrada Paludismo-
Subdivisión geográfica España.
9 (RLIN) 147467
700 1# - ENTRADA AGREGADA--NOMBRE PERSONAL
Nombre de persona Huertas y Barrero, Francisco.
9 (RLIN) 64578
711 2# - ENTRADA AGREGADA--NOMBRE DE REUNIÓN
Nombre de congreso/reunión o jurisdicción como elemento de entrada Congreso Internacional de Medicina (
Número del congreso/reunión o número de parte o sección 14º.
Fecha del congreso o de la firma del tratado 1903.
Sede del congreso/Lugar de la reunión Madrid)
9 (RLIN) 256
852 ## - LOCALIZACIÓN
Ubicación ES-MaACL
Número de control de estantería F-12270
Ubicación en estantería Sala Pecera Planta 2
856 4# - LOCALIZACIÓN Y ACCESO ELECTRÓNICOS
Identificador Uniforme de Recursos <a href="https://archive.org/details/b28079383/page/n5 ">https://archive.org/details/b28079383/page/n5 </a>
Texto de enlace Internet Archive
942 ## - ELEMENTOS DE ENTRADA SECUNDARIOS (KOHA)
Fuente del sistema de clasificación o colocación Clasificación decimal universal
Holdings
Estatus retirado Estado de pérdida Estado de daño No para préstamo Colección Biblioteca de origen Biblioteca actual Ubicación en estantería Fecha de adquisición Fuente de adquisición Total de préstamos Signatura topográfica completa Código de barras Visto por última vez Precio de reemplazo Tipo de ítem Koha
        Colección digital Biblioteca del Ateneo de Madrid Biblioteca del Ateneo de Madrid Sala Pecera Planta 2 17/01/2008     F-12270 1125628 23/02/2023 23/02/2023 Libro impreso